<?xml version="1.0" encoding="UTF-8"?>
<record
    xmlns:xsi="http://www.w3.org/2001/XMLSchema-instance"
    xsi:schemaLocation="http://www.loc.gov/MARC21/slim http://www.loc.gov/standards/marcxml/schema/MARC21slim.xsd"
    xmlns="http://www.loc.gov/MARC21/slim">

  <leader>00688nam a22001577a 4500</leader>
  <controlfield tag="003">OSt</controlfield>
  <controlfield tag="005">20151021134228.0</controlfield>
  <controlfield tag="008">151021b        xxu||||| |||| 00| 0 eng d</controlfield>
  <datafield tag="040" ind1=" " ind2=" ">
    <subfield code="c">RUA</subfield>
  </datafield>
  <datafield tag="082" ind1=" " ind2=" ">
    <subfield code="a">AVM MOM 2010 B096 Or.1</subfield>
  </datafield>
  <datafield tag="100" ind1=" " ind2=" ">
    <subfield code="9">2631</subfield>
    <subfield code="a">MOM, SOKHOM.</subfield>
  </datafield>
  <datafield tag="245" ind1=" " ind2=" ">
    <subfield code="a">Effect of sulfa mid and antibiotics to treatment piglet's diarrhea at CP croup praek samrong, &#x1794;&#x17D2;&#x179A;&#x179F;&#x17B7;&#x1791;&#x17D2;&#x1792;&#x1797;&#x17B6;&#x1796;sulfamid &#x1793;&#x17B7;&#x1784; antibiotics&#x200B; &#x179F;&#x17C6;&#x179A;&#x17B6;&#x1794;&#x17CB;&#x1796;&#x17D2;&#x1799;&#x17B6;&#x1794;&#x17B6;&#x179B;&#x1787;&#x17C6;&#x1784;&#x17BA;&#x179A;&#x17B6;&#x1780;&#x1780;&#x17BC;&#x1793;&#x1787;&#x17D2;&#x179A;&#x17BC;&#x1780; &#x1793;&#x17C5;&#x1780;&#x17D2;&#x179A;&#x17BB;&#x1798;&#x17A0;&#x17CA;&#x17BB;&#x1793;&#x179F;&#x17CA;&#x17B8;&#x1797;&#x17B8; &#x1796;&#x17D2;&#x179A;&#x17C2;&#x1780;&#x179F;&#x17C6;&#x179A;&#x17C4;&#x1784;</subfield>
  </datafield>
  <datafield tag="260" ind1=" " ind2=" ">
    <subfield code="a">Phnom Penh</subfield>
    <subfield code="b">RUA</subfield>
    <subfield code="c">2010</subfield>
  </datafield>
  <datafield tag="300" ind1=" " ind2=" ">
    <subfield code="a">ix; 40p.</subfield>
    <subfield code="b">ill.</subfield>
    <subfield code="c">29cm.</subfield>
  </datafield>
  <datafield tag="942" ind1=" " ind2=" ">
    <subfield code="2">ddc</subfield>
    <subfield code="c">AVM</subfield>
  </datafield>
  <datafield tag="999" ind1=" " ind2=" ">
    <subfield code="c">2470</subfield>
    <subfield code="d">2470</subfield>
  </datafield>
  <datafield tag="952" ind1=" " ind2=" ">
    <subfield code="0">0</subfield>
    <subfield code="1">0</subfield>
    <subfield code="2">ddc</subfield>
    <subfield code="4">0</subfield>
    <subfield code="6">AVM_MOM_2010_000000000000000_B096_OR_1</subfield>
    <subfield code="7">0</subfield>
    <subfield code="9">11226</subfield>
    <subfield code="a">LBB</subfield>
    <subfield code="b">LBB</subfield>
    <subfield code="c">B096</subfield>
    <subfield code="d">2015-10-21</subfield>
    <subfield code="o">AVM MOM 2010 B096 Or.1</subfield>
    <subfield code="p">RUA017027</subfield>
    <subfield code="r">2015-10-21</subfield>
    <subfield code="w">2015-10-21</subfield>
    <subfield code="y">AVM</subfield>
  </datafield>
  <datafield tag="952" ind1=" " ind2=" ">
    <subfield code="0">0</subfield>
    <subfield code="1">0</subfield>
    <subfield code="2">ddc</subfield>
    <subfield code="4">0</subfield>
    <subfield code="6">AVM_MOM_2010_000000000000000_B096_OR_2</subfield>
    <subfield code="7">0</subfield>
    <subfield code="9">11227</subfield>
    <subfield code="a">LBB</subfield>
    <subfield code="b">LBB</subfield>
    <subfield code="c">B096</subfield>
    <subfield code="d">2015-10-21</subfield>
    <subfield code="l">1</subfield>
    <subfield code="o">AVM MOM 2010 B096 Or.2</subfield>
    <subfield code="p">RUA019176</subfield>
    <subfield code="r">2016-07-20</subfield>
    <subfield code="s">2016-07-08</subfield>
    <subfield code="w">2015-10-21</subfield>
    <subfield code="y">AVM</subfield>
  </datafield>
  <datafield tag="952" ind1=" " ind2=" ">
    <subfield code="0">0</subfield>
    <subfield code="1">0</subfield>
    <subfield code="2">ddc</subfield>
    <subfield code="4">0</subfield>
    <subfield code="6">AVM_MOM_2010_000000000000000_B096_OR_3</subfield>
    <subfield code="7">0</subfield>
    <subfield code="9">11228</subfield>
    <subfield code="a">LBB</subfield>
    <subfield code="b">LBB</subfield>
    <subfield code="c">B096</subfield>
    <subfield code="d">2015-10-21</subfield>
    <subfield code="o">AVM MOM 2010 B096 Or.3</subfield>
    <subfield code="p">RUA019324</subfield>
    <subfield code="r">2015-10-21</subfield>
    <subfield code="w">2015-10-21</subfield>
    <subfield code="y">AVM</subfield>
  </datafield>
  <datafield tag="952" ind1=" " ind2=" ">
    <subfield code="0">0</subfield>
    <subfield code="1">0</subfield>
    <subfield code="2">ddc</subfield>
    <subfield code="4">0</subfield>
    <subfield code="6">AVM_MOM_2010_000000000000000_B096_OR_4</subfield>
    <subfield code="7">0</subfield>
    <subfield code="9">11229</subfield>
    <subfield code="a">LBB</subfield>
    <subfield code="b">LBB</subfield>
    <subfield code="c">B096</subfield>
    <subfield code="d">2015-10-21</subfield>
    <subfield code="l">2</subfield>
    <subfield code="m">2</subfield>
    <subfield code="o">AVM MOM 2010 B096 Or.4</subfield>
    <subfield code="p">RUA016157</subfield>
    <subfield code="r">2016-08-08</subfield>
    <subfield code="s">2016-06-25</subfield>
    <subfield code="w">2015-10-21</subfield>
    <subfield code="y">AVM</subfield>
  </datafield>
  <datafield tag="952" ind1=" " ind2=" ">
    <subfield code="0">0</subfield>
    <subfield code="1">0</subfield>
    <subfield code="2">ddc</subfield>
    <subfield code="4">0</subfield>
    <subfield code="6">AVM_MOM_2010_000000000000000_B096_OR_5</subfield>
    <subfield code="7">0</subfield>
    <subfield code="9">11230</subfield>
    <subfield code="a">LBB</subfield>
    <subfield code="b">LBB</subfield>
    <subfield code="c">B096</subfield>
    <subfield code="d">2015-10-21</subfield>
    <subfield code="l">2</subfield>
    <subfield code="o">AVM MOM 2010 B096 Or.5</subfield>
    <subfield code="p">RUA016344</subfield>
    <subfield code="r">2024-06-03</subfield>
    <subfield code="s">2024-05-10</subfield>
    <subfield code="w">2015-10-21</subfield>
    <subfield code="y">AVM</subfield>
  </datafield>
  <datafield tag="952" ind1=" " ind2=" ">
    <subfield code="0">0</subfield>
    <subfield code="1">0</subfield>
    <subfield code="2">ddc</subfield>
    <subfield code="4">0</subfield>
    <subfield code="6">AVM_MOM_2010_000000000000000_B096_OR_6</subfield>
    <subfield code="7">0</subfield>
    <subfield code="9">36951</subfield>
    <subfield code="a">LBB</subfield>
    <subfield code="b">LBB</subfield>
    <subfield code="c">B096</subfield>
    <subfield code="d">2016-02-03</subfield>
    <subfield code="o">AVM MOM 2010 B096 Or.6</subfield>
    <subfield code="p">RUA042407</subfield>
    <subfield code="r">2016-02-03</subfield>
    <subfield code="w">2016-02-03</subfield>
    <subfield code="y">AVM</subfield>
  </datafield>
</record>
